书目信息 |
| 题名: |
论中国的粮食问题
|
|
| 作者: | 吴硕 编著 | |
| 分册: | ||
| 出版信息: | 北京 农业出版社 1983 |
|
| 页数: | 73页 | |
| 开本: | 19cm | |
| 丛书名: | ||
| 单 册: | ||
| 中图分类: | F326.11 | |
| 科图分类: | ||
| 主题词: | 粮食--问题--研究--中国 | |
| 电子资源: | ||
| ISBN: | ||
| 000 | 00602nam0 2200229 45 | |
| 001 | 0183002603 | |
| 005 | 20060809153959.39 | |
| 010 | @dCNY0.34 | |
| 091 | @aCN@b4144.494 | |
| 100 | @a19950524d1983 em y0chiy0121 ea | |
| 101 | 0 | @achi |
| 102 | @aCN@b110000 | |
| 105 | @ay z 000yy | |
| 200 | 10 | @a论中国的粮食问题@Alun zhong guo de liang shi wen ti@f吴硕编著 |
| 210 | @a北京@c农业出版社@d1983 | |
| 215 | @a73页@d19cm | |
| 606 | @a粮食@x问题@x研究@y中国 | |
| 690 | @aF326.11@v3 | |
| 701 | 0 | @a吴硕@Awu shuo@4编著 |
| 801 | 2 | @aCN@bNLC@c20060809 |
| 801 | 0 | @aCN@bTSSF |
| 905 | @a10447@dF326.11@e54 | |
| 论中国的粮食问题/吴硕编著.-北京:农业出版社,1983 |
| 73页;19cm |
| ISBN :CNY0.34 |
| ● |
| 相关链接 |
|
|
|
|
正题名:论中国的粮食问题
索取号:F326.11/54
 
预约/预借
| 序号 | 登录号 | 条形码 | 馆藏地/架位号 | 状态 | 备注 |
| 1 | 0447722 | 204477226 | 密集书库/ [索取号:F326.11/54] | 在馆 |